Statistics for Newark Airport (EWR) Destinations

Click here to take the quiz!

General Stats

  • This quiz has been taken 419 times
    (216 since last reset)
  • The average score is 118 of 188

Answer Stats

Airline/sDestination% Correct
Aer Lingus, United AirlinesDublin
93%
British Airways, United AirlinesLondon (Heathrow)
93%
United AirlinesParis (Charles de Gaulle)
93%
French Bee, La CompagnieParis (Orly)
93%
American Airlines, JetBlue, Spirit Airlines, United AirlinesMiami
92%
Porter AirlinesToronto (Billy Bishop)
92%
Air Canada Express, United ExpressToronto (Pearson)
92%
American Airlines, American Eagle, United AirlinesChicago (O’Hare)
91%
Alaska Airlines, JetBlue, Spirit Airlines, United AirlinesLos Angeles
91%
Delta Connection, JetBlue, United Airlines, United ExpressBoston
90%
Air Canada Express, United ExpressMontreal (Trudeau)
90%
Alaska Airlines, United AirlinesSeattle/Tacoma
90%
Air Canada, United AirlinesVancouver
90%
American Airlines, United Airlines, United ExpressDallas/Fort Worth
89%
EmiratesDubai (International)
89%
JetBlue, United AirlinesSan Francisco
89%
Delta Airlines, Spirit Airlines, United Airlines, United ExpressAtlanta
88%
Air India, United AirlinesDelhi
88%
United AirlinesDenver
88%
Spirit Airlines, United AirlinesHouston (Intercontinental)
88%
TAP Air Portugal, United AirlinesLisbon
88%
United AirlinesMadrid
88%
Lufthansa, United AirlinesMunich
88%
United Airlines, United ExpressPortland (ME)
88%
Alaska Airlines, United AirlinesPortland (OR)
88%
Scandinavian Airlines, United AirlinesStockholm (Arlanda)
88%
LOT Polish AirlinesWarsaw (Chopin)
88%
United Airlines, United ExpressWashington (Dulles)
88%
United ExpressWashington (National)
88%
Scandinavian AirlinesCopenhagen
87%
Delta Airlines, Delta Connection, United Airlines, United ExpressDetroit
87%
Lufthansa, United AirlinesFrankfurt
87%
United AirlinesMexico City
87%
La Compagnie, United AirlinesMilan (Malpensa)
87%
Delta Airlines, Delta Connection, Sun Country Airlines, United Airlines, United ExpressMinneapolis/Saint Paul
87%
Scandinavian AirlinesOslo
87%
Swiss International Airlines, United AirlinesZurich
87%
Spirit Airlines, United Airlines, United ExpressAustin
86%
JetBlue, Spirit Airlines, United AirlinesOrlando
86%
United AirlinesRome (Fiumicino)
86%
United AirlinesBarcelona
85%
United AirlinesBerlin
85%
American Airlines, United Airlines, United ExpressCharlotte
85%
Air India, United AirlinesMumbai
85%
Alaska Airlines, United AirlinesSan Diego
85%
United AirlinesSan Jose del Cabo
85%
Turkish AirlinesIstanbul
84%
United AirlinesSan Jose (CR)
84%
United AirlinesTokyo (Haneda)
83%
United AirlinesTokyo (Narita)
83%
Air CanadaCalgary
82%
United ExpressManchester (NH)
82%
Spirit Airlines, United Airlines, United ExpressNew Orleans
82%
American Airlines, United AirlinesPhoenix (Sky Harbor)
82%
Ethiopian AirlinesAddis Ababa
81%
Delta Airlines, United AirlinesSalt Lake City
81%
United AirlinesAmsterdam
80%
United AirlinesBrussels
80%
United Airlines, United ExpressCleveland
80%
United Airlines, United ExpressColumbus (Glenn)
80%
Delta Connection, United Airlines, United ExpressRaleigh/Durham
80%
United AirlinesSan Antonio
80%
Austrian AirlinesVienna
80%
United AirlinesBeijing (Capital)
79%
JetBlue, United Airlines, United ExpressJacksonville (FL)
79%
Spirit Airlines, United AirlinesLas Vegas
79%
Spirit Airlines, United Airlines, United ExpressNashville
79%
Icelandair, United AirlinesReykjavik (Keflavik)
79%
JetBlue, United AirlinesTampa
79%
El Al, United AirlinesTel Aviv
79%
JetBlue, United AirlinesCancún
78%
United AirlinesPanama City (Tocumen)
78%
United ExpressPhiladelphia
78%
Spirit Airlines, United Airlines, United ExpressPittsburgh
78%
United AirlinesShanghai (Pudong)
78%
Allegiant Air, Delta Connection, United ExpressCincinnati
77%
Spirit Airlines, United Airlines, United ExpressIndianapolis
77%
JetBlue, Spirit Airlines, United AirlinesFort Lauderdale
76%
United ExpressMemphis
76%
Air Canada Express, United ExpressOttawa
75%
United AirlinesSacramento
75%
United AirlinesSão Paulo (Guarulhos)
75%
Singapore AirlinesSingapore
75%
United AirlinesHong Kong
73%
Emirates, United AirlinesAthens
72%
United AirlinesBogota
72%
United Airlines, United ExpressBuffalo
72%
United Airlines, United ExpressKansas City
72%
United ExpressSaint Louis
72%
United AirlinesGeneva
71%
United ExpressLouisville
71%
United ExpressMilwaukee
71%
JetBlue, United AirlinesNassau
71%
TAP Air Portugal, United AirlinesPorto
71%
United Airlines, United ExpressCharleston (SC)
70%
United AirlinesLima
70%
JetBlue, United AirlinesSantiago de los Caballeros
70%
JetBlue, United AirlinesSanto Domingo (Las Americas)
70%
United AirlinesHonolulu
68%
JetBlue, Spirit Airlines, United AirlinesSan Juan
67%
Allegiant Air, United ExpressSavannah
66%
United AirlinesVenice
66%
United Airlines, United ExpressNorfolk
65%
United AirlinesPrague
64%
United ExpressRichmond
64%
United ExpressAlbany (NY)
63%
United AirlinesAnchorage
63%
United AirlinesEdinburgh
63%
United ExpressHavana
63%
LOT Polish AirlinesKraków
63%
Spirit AirlinesOakland
62%
United AirlinesCape Town
61%
United ExpressProvidence
61%
United ExpressSyracuse
61%
Allegiant AirDes Moines
60%
JetBlue, United AirlinesFort Myers
60%
United AirlinesJohannesburg (O.R. Tambo)
60%
La Compagnie, United AirlinesNice
60%
United AirlinesNaples
59%
United AirlinesAntigua
58%
United ExpressRochester (NY)
58%
Allegiant Air, United ExpressGrand Rapids
57%
Allegiant AirKnoxville
57%
United AirlinesGuatemala City
54%
United ExpressHarrisburg
54%
Sun Country Airlines, United ExpressMadison
54%
JetBlue, United AirlinesMontego Bay
54%
JetBlue, United AirlinesAruba
53%
United AirlinesBermuda
52%
United Airlines, United ExpressBurlington (VT)
51%
United ExpressKey West
51%
JetBlue, United AirlinesPunta Cana
51%
JetBlue, United Airlines, United ExpressWest Palm Beach
51%
United ExpressGreensboro
49%
United ExpressQuebec City
47%
United AirlinesSan Salvador
47%
United Airlines, United ExpressSarasota
47%
JetBlue, United AirlinesSaint Maarten
46%
United ExpressWilmington (NC)
45%
United ExpressBangor
44%
Spirit Airlines, United AirlinesMyrtle Beach
43%
United AirlinesSaint Kitts
43%
United AirlinesPort of Spain
42%
United AirlinesShannon
42%
United AirlinesCuraçao
41%
United AirlinesOrange County
41%
JetBlue, United AirlinesSaint Lucia (Hewanorra)
41%
United AirlinesBelize City
40%
United AirlinesBarbados
39%
Allegiant Air, United ExpressAsheville
38%
United ExpressGreenville/Spartanburg
36%
Allegiant AirFort Walton Beach
35%
United AirlinesGrand Cayman
35%
United ExpressPensacola
35%
United AirlinesBozeman
34%
United AirlinesEagle/Vail
34%
United AirlinesPuerto Vallarta
34%
JetBlueMartha’s Vineyard
33%
United AirlinesCozumel
32%
United AirlinesLiberia (CR)
31%
United AirlinesJackson Hole
30%
United ExpressFayetteville/Bentonville
29%
Ethiopian AirlinesLomé
29%
United AirlinesSaint Thomas
29%
United ExpressWilkes Barre/Scranton
29%
JetBlue, United AirlinesProvidenciales
28%
United AirlinesBonaire
27%
United ExpressHilton Head
27%
JetBlue, United ExpressNantucket
27%
United ExpressTraverse City
26%
United AirlinesKahului
25%
United ExpressState College
25%
United AirlinesHayden/Steamboat Springs
23%
JetBlue, United AirlinesPuerto Plata
23%
United AirlinesBergen
22%
United AirlinesSan Pedro Sula
22%
JetBlue, United AirlinesAguadilla
21%
United AirlinesMontrose
21%
United AirlinesPonta Delgada
21%
United ExpressRapid City
20%
LOT Polish AirlinesRzeszów
20%
United ExpressIthaca
19%
United AirlinesTenerife (South)
16%
United AirlinesDubrovnik
15%
United AirlinesPalma de Mallorca
13%
United ExpressPresque Isle
13%
Elite AirwaysSaint Augustine
8%
Elite AirwaysVero Beach
7%

Score Distribution

Percentile by Number Answered

Percent of People with Each Score

Your Score History

You have not taken this quiz since the last reset